000 00327nam a2200133Ia 4500
005 20251222155146.0
008 251222s9999||||xx |||||||||||||| ||spa||
082 _aFIL. 10
100 _aGAARDER Jostein,
245 0 _aNovela Historia Filosofía "El Mundo de Sofía"
250 _a1ra. ed.
264 _bPatria
942 _cLIB
999 _c39381
_d39381